[Event "Charlesbourg Zukertort"]
[Site "Charlesbourg"]
[Date "2010.05.17"]
[Round "4"]
[White "Gagnon, Francois"]
[Black "Glode, Martin"]
[Result "1/2-1/2"]
[WhiteElo "1858"]
[BlackElo "1774"]
[PlyCount "34"]
[EventDate "2010.04.26"]
[EventType "swiss"]
[EventRounds "6"]
[EventCountry "CAN"]
[SourceTitle "EXT 2022"]
[Source "ChessBase"]
[SourceDate "2021.10.06"]
[SourceVersion "1"]
[SourceVersionDate "2021.10.06"]
[SourceQuality "1"]

1. d4 Nf6 2. c4 e6 3. Nf3 d5 4. Nc3 c6 5. e3 Nbd7 6. Bd3 dxc4 7. Bxc4 b5 8. Bd3 Bd6 9. e4 e5 10. 0-0 0-0 11. Re1 Re8 12. a4 b4 13. Ne2 exd4 14. Qd2 Nc5 15. Qg5 Ne6 16. Qd2 Nc5 17. Qg5 Ne6 1/2-1/2